000 00470nam a2200169Ia 4500
008 090711s9999 xx 000 0 und d
082 _b40055
100 _aदेशपांडे वा. ह.
245 _aआलापिनी
260 _c1979
300 _a176
600 _aदेशपांडे वा. ह.
630 _aआलापिनी
700 _aदेशपांडे वा. ह.
730 _aआलापिनी
942 _cBOOK
999 _c285990
_d285990